Theory and problems of statistics (Record no. 7819)

000 -LEADER
fixed length control field 00486nam a2200193La 4500
001 - CONTROL NUMBER
control field 7819
003 - CONTROL NUMBER IDENTIFIER
control field BD-DhUET
008 - FIXED-LENGTH DATA ELEMENTS--GENERAL INFORMATION
fixed length control field 000404s1999 nyu s 001 0 eng d
040 ## - CATALOGING SOURCE
Transcribing agency 0
Modifying agency BD-DhUET
082 04 - DEWEY DECIMAL CLASSIFICATION NUMBER
Classification number 519.9
Item number SPI/1961
100 1# - MAIN ENTRY--PERSONAL NAME
Personal name Spiegel, Murray R.
245 10 - TITLE STATEMENT
Title Theory and problems of statistics
250 ## - EDITION STATEMENT
Edition statement 1st ed.
260 ## - PUBLICATION, DISTRIBUTION, ETC. (IMPRINT)
Place of publication, distribution, etc. New York
Name of publisher, distributor, etc. McGraw-Hill
Date of publication, distribution, etc. 1961
300 ## - PHYSICAL DESCRIPTION
Extent vii, 339 p.
490 ## - SERIES STATEMENT
Series statement Schaums outline series
650 #0 - SUBJECT ADDED ENTRY--TOPICAL TERM
Topical term or geographic name as entry element Statistical mathematics
942 ## - ADDED ENTRY ELEMENTS (KOHA)
Koha item type General Book
Holdings
Koha normalized classification for sorting Withdrawn status Lost status Date acquired Not for loan Piece designation (barcode) Koha item type Damaged status Copy number Sublocation or collection (holding branch) Koha date last seen Price effective from Source of classification or shelving scheme Koha full call number Shelving location Location (home branch)
519_900000000000000_SPI_1961  2014-12-13 45113General Book 1Central Library, BUET2014-12-132014-12-13 519.9/SPI/1961Circulation sectionCentral Library, BUET
519_900000000000000_SPI_1961  2014-12-13 7858General Book 2Central Library, BUET2014-12-132014-12-13 519.9/SPI/1961Circulation sectionCentral Library, BUET
519_900000000000000_SPI_1961  2015-06-11 23617Reading Item 3Central Library, BUET2015-06-112015-06-11 519.9/SPI/1961Reading sectionCentral Library, BUET
519_900000000000000_SPI_1961  2015-06-11 9588Reading Item 4Central Library, BUET2015-06-112015-06-11 519.9/SPI/1961Reading sectionCentral Library, BUET
519_900000000000000_SPI_1961  2015-06-11 17979Reading Item 5Central Library, BUET2015-06-112015-06-11 519.9/SPI/1961Reading sectionCentral Library, BUET
519_900000000000000_SPI_1961  2015-06-11 31852Reading Item 6Central Library, BUET2015-06-112015-06-11 519.9/SPI/1961Reading sectionCentral Library, BUET
519_900000000000000_SPI_1961  2016-11-27 31857General Book 7Central Library, BUET2016-11-272016-11-27 519.9/SPI/1961Circulation sectionCentral Library, BUET